| 000 | 01065cam a2200337 a 4500 | ||
|---|---|---|---|
| 999 |
_c4852 _d4852 |
||
| 001 | 12972873 | ||
| 003 | GZU | ||
| 005 | 20210324130213.0 | ||
| 008 | 020815s2002 rh b 000 0 eng | ||
| 010 | _a 2002345567 | ||
| 020 | _a0869227653 | ||
| 035 | _a(DLC) 2002345567 | ||
| 040 |
_aDLC _cDLC _dDLC |
||
| 041 | 0 | _aengsna | |
| 042 | _alcode | ||
| 043 | _afs----- | ||
| 050 | 0 | 0 |
_aPL8681.5 _b.C49 2002 |
| 082 | 0 | 0 |
_a896/.39753009 _221 |
| 100 | 1 | _aChiwome, Emmanuel. | |
| 245 | 1 | 2 |
_aA social history of the Shona novel / _cE.M. Chiwome. |
| 250 | _aRev. ed. | ||
| 260 |
_aGweru, Zimbabwe : _bMambo Press, _c2002. |
||
| 300 |
_ax, 261 p. ; _c21 cm. |
||
| 500 | _aOriginally published: Kadoma, Zimbabwe : Juta Zimbabwe, 1996. | ||
| 504 | _aIncludes bibliographical references (p. 254-261). | ||
| 546 | _aIn English, with some Shona. | ||
| 650 | 0 |
_aShona fiction _xHistory and criticism. |
|
| 906 |
_a7 _bcbc _corigode _d3 _encip _f20 _gy-gencatlg |
||
| 942 |
_2lcc _cBK _h8681.5 _iCHI _kPL _m2002 |
||